100 prénoms masculins les plus populaires au Québec - 2000 - Statistiques

Statistiques générales
  • Ce quiz a été pris 25 fois
  • Le résultat moyen est 33 sur 100
Statistiques - réponses
Réponse % Correct
Alex
73%
Maxim
73%
Alexandre
64%
Alexis
64%
Nicolas
64%
Olivier
64%
Samuel
64%
William
64%
Zacharie
64%
Zachary
64%
Anthony
55%
Antoine
55%
Charles
55%
Édouard
55%
Frédéric
55%
Keven
55%
Kevin
55%
Loïc
55%
Maxime
55%
Mickaël
55%
Nathan
55%
Thomas
55%
Xavier
55%
David
45%
Émile
45%
Gabriel
45%
Hugo
45%
James
45%
Jeremie
45%
Jeremy
45%
Julien
45%
Justin
45%
Laurent
45%
Louis
45%
Lucas
45%
Mathieu
45%
Michaël
45%
Philippe
45%
Raphaël
45%
Sébastien
45%
Victor
45%
Benjamin
36%
Éric
36%
Étienne
36%
Félix
36%
François
36%
Guillaume
36%
Jacob
36%
Ludovic
36%
Marc-Antoine
36%
Noah
36%
Tommy
36%
Tristan
36%
Vincent
36%
Cédric
27%
Christophe
27%
Daniel
27%
Dylan
27%
Emmanuel
27%
Francis
27%
Jonathan
27%
Patrick
27%
Simon
27%
Ali
18%
Bryan
18%
Charles-Antoine
18%
Christopher
18%
Frédérick
18%
Isaac
18%
Jason
18%
Jérôme
18%
Jimmy
18%
Joseph
18%
Joshua
18%
Karl
18%
Mikaël
18%
Nicholas
18%
Ryan
18%
Shawn
18%
Yannick
18%
Adam
9%
Alexander
9%
Andrew
9%
Antony
9%
Brandon
9%
Danick
9%
Dominic
9%
Joël
9%
Jordan
9%
Marc-Olivier
9%
Matthew
9%
Nathaniel
9%
Steven
9%
Cédrick
0%
Cédrik
0%
Jeffrey
0%
Jessy
0%
Joey
0%
Miguel
0%
Tyler
0%
Aucun quiz correspondant
Distribution des résultats
% des personnes avec chaque résultat
Percentile par nombre de réponses
Votre historique - résultats
Vous n’avez pas pris ce quiz